Microsoft secrets: (Record no. 9988)

000 -LEADER
fixed length control field 00520 a2200169 4500
020 ## - INTERNATIONAL STANDARD BOOK NUMBER
International Standard Book Number 0028740483
040 ## - CATALOGING SOURCE
Original cataloging agency DLC
Language of cataloging DLC
082 00 - DEWEY DECIMAL CLASSIFICATION NUMBER
Classification number 338.76100510973
100 1# - MAIN ENTRY--PERSONAL NAME
Personal name Cusumano, Michael A.,
245 10 - TITLE STATEMENT
Title Microsoft secrets:
Statement of responsibility, etc. Michael A. Cusumano, Richard W. Selby
260 ## - PUBLICATION, DISTRIBUTION, ETC.
Place of publication, distribution, etc. New York :
Name of publisher, distributor, etc. Free Press,
Date of publication, distribution, etc. c1995.
300 ## - PHYSICAL DESCRIPTION
Extent xii, 512 p. :
Other physical details ill. ;
Dimensions 24 cm.
610 20 - SUBJECT ADDED ENTRY--CORPORATE NAME
Corporate name or jurisdiction name as entry element Microsoft Corporation.
650 #0 - SUBJECT ADDED ENTRY--TOPICAL TERM
Topical term or geographic name entry element Computer software industry
Geographic subdivision United States.
700 1# - ADDED ENTRY--PERSONAL NAME
Personal name Selby, Richard W.
942 ## - ADDED ENTRY ELEMENTS (KOHA)
Koha item type Book
Call number prefix 338.76100510973 CUS
Source of classification or shelving scheme
Holdings
Withdrawn status Lost status Damaged status Not for loan Collection code Permanent Location Current Location Shelving location Date acquired Source of acquisition Cost, normal purchase price Total Checkouts Full call number Barcode Date last seen Price effective from Koha item type
          Central Library (CL) Central Library (CL) General Stacks 12/29/2009 Donation 0.00   338.76100510973 CUS SEECS009885 11/14/2012 01/05/2017 Book
© 2023 Central Library, National University of Sciences and Technology. All Rights Reserved.